000 00620nam a22001937a 4500
999 _c190074
_d190074
005 20220718124534.0
010 _aENG-133640
020 _a9788192597904
_c250.00
035 _aEN-117172
037 _bDBAD/PUB
082 _a152.4
100 _aVeerendranath Yandamoori
245 _aThe 5 Steps to Success/
_cby Yandamoori Veerendranath ; preface by Ram Gopal Varma
260 _aVijayawada
_bNavasahithi Book House
_c2013
270 _aEluru Road, Near Ramamandiram,
_bVijayawada
_e520002
300 _a367p.
_c21cm(pbk)
700 _apreface by Varma Ram Gopal
942 _2ddc
_cEN
_h152.4
_mVEE